000 00677nam a2200217 a 4500
008 001227s2000 xo a r y 0 slo c
020 _a8080630445
_cDar
040 _aSNK
_bslo
_cSNK
_eAACR2
041 1 _aslo
044 _axo
_cSK
080 _a616.2
100 1 _aKrištúfek, Peter
_4aut
_4com
245 1 0 _aPraktická respirológia a ftizeológia
_cPeter Krištúfek a kolektív
260 _aMartin
_bOsveta
_cc2000
300 _a262 s.
_bsch.
_c21 cm
504 _aBibliogr. odkazy
650 0 7 _asystém dýchací
_xchoroby
_xdiagnostika
_xliečba
_xmonogra fie
_2SNK
650 0 7 _arespirológia
_xmonografie
_2SNK
650 0 7 _aftizeológia
_xmonografie
_2SNK
958 _aAPP
999 _c19931
_d19931